[Event "Cracovia Open A"]
[Site "Krakow POL"]
[Date "2011.12.28"]
[Round "2.13"]
[White "Marchadour,E"]
[Black "Laurusas,T"]
[Result "0-1"]
[WhiteElo "2022"]
[BlackElo "2363"]

1.e4 c5 2.Nf3 e6 3.d4 cxd4 4.Nxd4 a6 5.Nc3 Qc7 6.Be2 Nf6 7.O-O Nc6 8.Be3 Bb4
9.Bg5 Qe5 10.Nf3 Qa5 11.Bd2 Qc7 12.Bd3 Be7 13.Re1 d6 14.a4 O-O 15.Bf4 Nd7
16.Ng5 h6 17.Nf3 Rd8 18.Qd2 Bf6 19.Rad1 Nde5 20.Nxe5 dxe5 21.Be3 Nd4 22.Ne2 Bd7
23.b3 Bc6 24.Ng3 Qe7 25.Nh5 Bg5 26.Rb1 Be8 27.Bxg5 hxg5 28.Ng3 b5 29.axb5 axb5
30.c3 Nc6 31.Qe3 b4 32.cxb4 Nxb4 33.Red1 Ra2 34.Bc4 Nc2 35.Qc3 Nd4 36.Ra1 Rda8
37.Rxa2 Rxa2 38.Rd2 Qa3 39.Rxa2 Qxa2 40.h3 Bc6 41.Qc1 Qa8 42.Qxg5 Bxe4 43.Nxe4 Qxe4
44.Qe3 Qb1+ 45.Kh2 Qb2 46.Qg3 g6 47.Qh4 Nf5 48.Qd8+ Kg7 49.Qc7 Qxf2 50.Qxe5+ Kh7
51.Qe2 Qf4+ 52.Kg1 Kg8 53.Ba6 Qc1+ 54.Kh2 Qc7+ 55.Kg1 Qb6+  0-1

[Event "V Stadium Casablanca Open"]
[Site "Zaragoza ESP"]
[Date "2011.12.28"]
[Round "6"]
[White "Antoli Royo,J"]
[Black "Paunovic,D"]
[Result "0-1"]
[WhiteElo "2410"]
[BlackElo "2528"]

1.e4 c5 2.Nc3 e6 3.Nge2 a6 4.d4 cxd4 5.Nxd4 Qc7 6.f4 b5 7.Bd3 Bb7 8.Qf3 Nf6
9.Be3 Bb4 10.O-O Bxc3 11.bxc3 O-O 12.a4 bxa4 13.Rxa4 d5 14.e5 Ne4 15.Bxe4 dxe4
16.Qg3 Nd7 17.Rb4 a5 18.Rbb1 Ba6 19.Rf2 Rfe8 20.Rd1 f5 21.Nb3 a4 22.Rfd2 Re7
23.Nd4 Bc4 24.Qf2 Nf8 25.Ra1 Rd7 26.Rdd1 a3 27.Rdb1 a2 28.Rb4 Rb8 29.Qe1 Ng6
30.Nc6 Rxb4 31.Nxb4 Qa5 32.Qc1 Ne7 33.Nxa2 Bxa2 34.Qb2 Nd5 35.Bd4 Nxf4 36.Rxa2 Qd5
37.Ra7 e3 38.Qb8+ Rd8 39.Qb7 Qxb7 40.Rxb7 Ne2+ 41.Kf1 Nxd4 42.cxd4 Rxd4 43.Rc7 f4
44.c4 Rd1+ 45.Ke2 Rg1 46.c5 Rxg2+ 47.Kd3 Rd2+ 48.Kc3 Rd8  0-1

[Event "48th Groningen Open A"]
[Site "Groningen NED"]
[Date "2011.12.30"]
[Round "9.24"]
[White "Cako,L"]
[Black "Andraschko,F"]
[Result "1-0"]
[WhiteElo "2111"]
[BlackElo "2103"]

1.e4 c5 2.Nf3 e6 3.d4 cxd4 4.Nxd4 a6 5.Nc3 Qc7 6.Bd3 Bc5 7.Nb3 Be7 8.O-O Nf6
9.f4 d6 10.Bd2 Nbd7 11.Qf3 b5 12.Rae1 Bb7 13.Kh1 g6 14.Qg3 b4 15.Nd1 d5 16.exd5 Nxd5
17.c4 N5f6 18.Ne3 Rd8 19.Nc2 Qb6 20.Be3 Qc7 21.Bd4 O-O 22.Re3 Nh5 23.Qf2 Nc5
24.Be2 Ng7 25.Bg4 Nxb3 26.axb3 Bc5 27.Be5 Qb6 28.Qh4 f6 29.Rh3 Rd2 30.Qxh7+ Kf7
31.Ne1 Bf2 32.Rh6 Bxe1 33.Qxg6+ Kg8 34.Qh7+ Kf7 35.Bh5+  1-0

[Event "TCh-ISR 2011-12"]
[Site "Israel ISR"]
[Date "2011.12.30"]
[Round "3.4"]
[White "Vasiliev,Olg"]
[Black "Birnboim,N"]
[Result "0-1"]
[WhiteElo "2305"]
[BlackElo "2369"]

1.e4 c5 2.Nf3 e6 3.d4 cxd4 4.Nxd4 a6 5.Nc3 Qc7 6.f4 b5 7.Bd3 Bc5 8.Nf3 Nc6
9.e5 f5 10.exf6 Nxf6 11.Ng5 O-O 12.Nxh7 Nxh7 13.Bxh7+ Kxh7 14.Qh5+ Kg8 15.Qxc5 Bb7
16.O-O Rf5 17.Qf2 Ne7 18.Be3 Rf6 19.Qd2 Nf5 20.Rf2 Rg6 21.Ne2 Rf8 22.Nd4 Nh4
23.g3 Qc4 24.Rd1 Qd5 25.Kf1 e5 26.gxh4 exd4 27.Qxd4 Rg1+ 28.Ke2 Qh5+ 29.Kd3 Rxd1+  0-1

[Event "Cracovia Open A"]
[Site "Krakow POL"]
[Date "2011.12.30"]
[Round "4.14"]
[White "Kulon,K"]
[Black "Solys,L"]
[Result "0-1"]
[WhiteElo "2238"]
[BlackElo "2335"]

1.e4 c5 2.Nf3 e6 3.d4 cxd4 4.Nxd4 a6 5.Nc3 Qc7 6.Be2 Nc6 7.Be3 Nf6 8.O-O Bb4
9.Na4 Be7 10.Nxc6 bxc6 11.Nb6 Rb8 12.Nxc8 Qxc8 13.Bd4 c5 14.Be5 Rb6 15.c4 d6
16.Bc3 O-O 17.Bd3 Nd7 18.f4 e5 19.Be2 Qb8 20.Bg4 Nf6 21.Bf5 g6 22.fxe5 dxe5
23.Qf3 Rxb2 24.Qg3 Nh5 25.Qxe5 Qxe5 26.Bxe5 Re2 27.Bd7 Rxe4 28.Rae1 Rxe1
29.Rxe1 Nf6 30.Bc6 Ng4 31.Bg3 Bf6 32.h3 Bd4+ 33.Kh1 Ne3 34.Rc1 h5 35.Bb7 Re8
36.a4 Re6 37.a5 g5 38.Bf2 Nf5 39.Bxd4 Nxd4 40.Bd5 Rf6 41.h4 g4 42.Kh2 Kg7
43.Rb1 Ne2 44.Re1 Rf2 45.Bb7 f5 46.Kh1 f4 47.Be4 f3 48.gxf3 g3  0-1

[Event "V Stadium Casablanca Open"]
[Site "Zaragoza ESP"]
[Date "2011.12.30"]
[Round "8"]
[White "Munoz Suarez,L"]
[Black "Romon Poves,R"]
[Result "0-1"]
[WhiteElo "1994"]
[BlackElo "2296"]

1.e4 c5 2.Nf3 e6 3.d4 cxd4 4.Nxd4 a6 5.Nc3 Qc7 6.Be2 b5 7.O-O Bb7 8.Bf3 Nc6
9.Re1 Ne5 10.Bf4 Nf6 11.Bxe5 Qxe5 12.Nd5 Bd6 13.g3 O-O-O 14.Nxf6 gxf6 15.c4 b4
16.Nb3 h5 17.c5 Bc7 18.a3 bxa3 19.Rxa3 Qxb2 20.Ra4 Qc3 21.Re3 Qe5 22.Qe2 Rdg8
23.Rb4 h4 24.Nd4 hxg3 25.hxg3 a5 26.Rxb7 Kxb7 27.c6+ dxc6 28.Rb3+ Bb6 29.Rxb6+ Kxb6
30.Qb2+ Kc7 31.Qc3 Rxg3+ 32.fxg3 Qxg3+ 33.Kf1 Rh1+ 34.Ke2 Rh2+ 35.Kd3 Qd6
36.Ke3 Kd7 37.Qxa5 Ke7 38.Qa8 Qc7 39.Qa3+ c5 40.Nb5 Qb6 41.Nd4 Kf8 42.Nb3 Kg7
43.Nxc5 Rc2 44.Kd4 Qd6+  0-1

[Event "V Stadium Casablanca Open"]
[Site "Zaragoza ESP"]
[Date "2011.12.30"]
[Round "8"]
[White "Bellia,F"]
[Black "Paunovic,D"]
[Result "1/2-1/2"]
[WhiteElo "2418"]
[BlackElo "2528"]

1.e4 c5 2.Nf3 e6 3.d4 cxd4 4.Nxd4 a6 5.Nc3 Qc7 6.Be2 Nf6 7.O-O Be7 8.f4 d6
9.Be3 O-O 10.a4 Nc6 11.Qe1 Nxd4 12.Bxd4 e5 13.Be3 exf4 14.Bxf4 Be6 15.Qg3 Nd7
16.Bh6 Qc5+ 17.Kh1 Qe5 18.Bf4 Qc5 19.Bh6 Qe5 20.Bf4 Qc5  1/2-1/2

[Event "Northern California International"]
[Site "Fremont USA"]
[Date "2012.01.02"]
[Round "1"]
[White "Liu,Daniel"]
[Black "Coleman,T"]
[Result "0-1"]
[WhiteElo "2049"]
[BlackElo "2356"]

1.e4 c5 2.Nf3 e6 3.Nc3 a6 4.d4 cxd4 5.Nxd4 Qc7 6.Bd3 Nf6 7.Qe2 Bd6 8.Ndb5 axb5
9.Nxb5 Qa5+ 10.Bd2 Bb4 11.Bxb4 Qxb4+ 12.c3 Qc5 13.e5 Nd5 14.Nd6+ Kf8 15.Qf3 f5
16.Bxf5 Nf6 17.exf6 Qxd6 18.Be4 Qe5 19.fxg7+ Kxg7 20.Qg4+ Kf8 21.O-O Ra4
22.Rfe1 Qf6 23.Qg3 Nc6 24.Re3 Ke7 25.b4 Ra3 26.Bc2 Rf8 27.Bb3 Qf4 28.Qxf4 Rxf4
29.Rae1 b6 30.Rh3 Rf7 31.Re4 Bb7 32.Reh4 Ne5 33.Rh5 d6 34.Rxh7 Bd5 35.Rxf7+ Kxf7
36.Bxd5 exd5 37.f4 Nc4 38.Rd3 Rxa2 39.h4 Rd2 40.Rf3 d4 41.cxd4 Rxd4 42.g4 Nd2
43.Rf2 Ne4 44.Rf3 Nf6 45.g5 Nh5 46.f5 Rxh4 47.Rd3 Rg4+ 48.Kf2 Rxg5 49.Rxd6 Rxf5+
50.Ke3 b5 51.Kd4 Nf6 52.Rc6 Rd5+ 53.Kc3 Ke7 54.Kb3 Ne4 55.Ka3 Kd7 56.Rc1 Nd2
57.Rh1 Nc4+ 58.Kb3 Kc6 59.Rh6+ Nd6 60.Rg6 Rd3+ 61.Kc2 Rh3 62.Kb2 Kd5 63.Rg4 Nc4+  0-1

[Event "Cracovia Open A"]
[Site "Krakow POL"]
[Date "2012.01.02"]
[Round "6.19"]
[White "Nyysti,S"]
[Black "Klepaczka,T"]
[Result "1-0"]
[WhiteElo "2345"]
[BlackElo "2166"]

1.e4 c5 2.Nf3 e6 3.Nc3 a6 4.d4 cxd4 5.Nxd4 Qc7 6.Bd3 Nc6 7.Nxc6 dxc6 8.O-O e5
9.f4 Nf6 10.f5 Bc5+ 11.Kh1 h5 12.Bg5 Ng4 13.Qe2 b5 14.Rab1 Bb7 15.h3 Be7
16.Bxe7 Qxe7 17.b4 Nf6 18.Qe3 h4 19.Be2 Rd8 20.Rfd1 Rxd1+ 21.Bxd1 O-O 22.Bf3 Rd8
23.a3 Rd4 24.Nd1 Qd7 25.Nf2 Rd2 26.Nd3 Rxc2 27.Nc5 Qc7 28.Be2 Nd7 29.Nxd7 Qxd7
30.Rd1 Qe7 31.Qd3 Ra2 32.Bf3 c5 33.bxc5 Bc6 34.Qb3 Rf2 35.Qe3 Rc2 36.Rd6 Be8
37.Bd1 Rb2 38.f6 gxf6 39.Qh6 Rb1 40.Qxh4 Qc7 41.Qxf6 Qxc5 42.Rd8 Qf8 43.Qxe5 f6
44.Qe6+ Kg7 45.Kh2 Qf7 46.Qg4+ Kh7 47.e5  1-0

[Event "24th Staufer-Open"]
[Site "Schwaebisch Gmuend GER"]
[Date "2012.01.02"]
[Round "1"]
[White "Hubel,H"]
[Black "Wagner,De"]
[Result "0-1"]
[WhiteElo "1830"]
[BlackElo "2355"]

1.e4 c5 2.Nf3 e6 3.d4 cxd4 4.Nxd4 a6 5.Nc3 Qc7 6.g3 Bb4 7.Bd2 Nc6 8.a3 Be7
9.Nxc6 dxc6 10.Bg2 e5 11.O-O Nf6 12.h3 Be6 13.Qe2 O-O 14.Be3 b5 15.Rfd1 a5
16.Nb1 Nd7 17.Nd2 Nb6 18.Qh5 f6 19.Bf1 Na4 20.b3 Nc5 21.Qf3 f5 22.Qh1 f4
23.Bxc5 Bxc5 24.g4 Rad8 25.Nf3 Rxd1 26.Rxd1 Bxa3 27.Ng5 Bc8 28.Be2 Bb2 29.Nf3 Rd8
30.Kg2 Bc3 31.Rxd8+ Qxd8 32.Qd1 Qxd1 33.Bxd1 a4  0-1

[Event "XLI Rilton Cup 2011-12"]
[Site "Stockholm SWE"]
[Date "2012.01.02"]
[Round "6"]
[White "Socko,B"]
[Black "Smith,Ax"]
[Result "1/2-1/2"]
[WhiteElo "2635"]
[BlackElo "2480"]

1.e4 c5 2.Nf3 e6 3.d4 cxd4 4.Nxd4 a6 5.Nc3 b5 6.Bd3 Qb6 7.Nf3 Qc7 8.O-O Bb7
9.Re1 Be7 10.e5 f5 11.a4 b4 12.Na2 Nc6 13.Bf4 Nh6 14.Qd2 O-O 15.Rad1 Kh8
16.Nc1 Na5 17.Be2 Rad8 18.Bg5 Bxg5 19.Nxg5 Nc4 20.Qxb4 Nxe5 21.Qd6 Qxd6 22.Rxd6 Nhf7
23.Nxf7+ Nxf7 24.Rb6 Rb8 25.b3 Be4 26.Rxb8 Rxb8 27.Bd3 Bb7 28.Na2 g6 29.a5 Kg7
30.Nb4 Ra8 31.f4 Kf6 32.Kf2 g5 33.g3 gxf4 34.gxf4 Nd6 35.Ke3 Ne4 36.Rd1 Ke7
37.Rg1 Kf6 38.h4 Kf7 39.Be2 Nf6 40.h5 Ng8 41.Kd4 d6 42.Bc4 Nf6 43.h6 Ng4
44.Re1 Re8 45.Bxa6 e5+ 46.fxe5 dxe5+ 47.Kc5 Bxa6 48.Nxa6 f4 49.Nc7 Rc8 50.Kb6 f3
51.a6 f2 52.Rf1 e4 53.Nd5 Ke6 54.c4 Rb8+ 55.Kc7 Rxb3 56.a7 Ra3 57.Kb7 Ke5
58.a8=Q Rxa8 59.Kxa8 Kd4 60.Nf6 Nxf6 61.Rxf2 Ng4 62.Rc2 Kc5 63.Rg2 Nxh6 64.Rg7 Kxc4
65.Rxh7 Nf5 66.Rh5 Nd4 67.Re5 Kd3 68.Rxe4 Kxe4  1/2-1/2

[Event "Northern California International"]
[Site "Fremont USA"]
[Date "2012.01.03"]
[Round "2"]
[White "Gurevich,Daniel"]
[Black "Liou,Y"]
[Result "1/2-1/2"]
[WhiteElo "2192"]
[BlackElo "2283"]

1.e4 c5 2.Nf3 e6 3.d4 cxd4 4.Nxd4 a6 5.Nc3 b5 6.g3 Bb7 7.Bg2 Nf6 8.O-O b4
9.Nd5 exd5 10.exd5 Bc5 11.Re1+ Kf8 12.Nb3 Bb6 13.c4 d6 14.Bf4 h6 15.h4 g6
16.Qd2 Kg7 17.Qxb4 a5 18.Qxd6 Qxd6 19.Bxd6 a4 20.Nd2 Nbd7 21.Re7 Rhe8 22.Rae1 Ba5
23.R1e2 Nb6 24.b4 axb3 25.axb3 Rxe7 26.Bxe7 Bc3 27.Bxf6+ Bxf6 28.Ne4 Be7
29.d6 Bf8 30.c5 Nd7 31.b4 Ra1+ 32.Kh2 Rc1 33.Ra2 Ne5 34.Rd2 Bc6 35.f3 Rc4
36.Nf2 Rxb4 37.f4 Bxg2 38.fxe5 Bc6 39.d7 Bxd7 40.Rxd7 Rb2 41.c6 Rxf2+ 42.Kh3 Rc2
43.c7 h5  1/2-1/2

[Event "Northern California International"]
[Site "Fremont USA"]
[Date "2012.01.03"]
[Round "2"]
[White "Pruess,D"]
[Black "Bachmann,Ax"]
[Result "0-1"]
[WhiteElo "2395"]
[BlackElo "2560"]

1.e4 c5 2.Nf3 e6 3.d4 cxd4 4.Nxd4 a6 5.Nc3 Qc7 6.Bd3 Nf6 7.f4 d6 8.O-O b5
9.Kh1 Bb7 10.e5 dxe5 11.fxe5 Qxe5 12.Bf4 Qc5 13.Qd2 Nbd7 14.Bxb5 axb5 15.b4 Qc4
16.Ncxb5 e5 17.Bxe5 Nxe5 18.Qf4 Nfd7 19.Rae1 Be7 20.Qg3 O-O 21.Nf5 Bf6 22.Nbd6 Qc6
23.Nh6+ Kh8 24.Rxf6 Nxf6  0-1

[Event "24th Staufer-Open"]
[Site "Schwaebisch Gmuend GER"]
[Date "2012.01.04"]
[Round "6"]
[White "Karatsioras,N"]
[Black "Koenig,Fa"]
[Result "1-0"]
[WhiteElo "1970"]
[BlackElo "2147"]

1.e4 c5 2.Nf3 e6 3.d4 cxd4 4.Nxd4 a6 5.Nc3 Qc7 6.g3 Nc6 7.Nde2 Bc5 8.Bg2 d6
9.O-O b5 10.e5 dxe5 11.Ne4 Bb6 12.a4 Rb8 13.c3 Nf6 14.Nxf6+ gxf6 15.axb5 axb5
16.Bh6 Ke7 17.Qd3 f5 18.Qf3 Bb7 19.Qh5 Rbg8 20.Rfd1 f4 21.Rd2 Nb8 22.Bxb7 Qxb7
23.Qxe5 fxg3 24.hxg3 Qf3 25.Qd6+ Kf6 26.Qxb6  1-0

[Event "24th Staufer-Open"]
[Site "Schwaebisch Gmuend GER"]
[Date "2012.01.04"]
[Round "6"]
[White "Weiss,And"]
[Black "Kersten,U"]
[Result "0-1"]
[WhiteElo "2199"]
[BlackElo "2312"]

1.e4 c5 2.Nf3 e6 3.d4 cxd4 4.Nxd4 a6 5.Nc3 Qc7 6.g3 Bb4 7.Ne2 Be7 8.Bg2 Nf6
9.O-O O-O 10.Be3 d6 11.Nf4 Nc6 12.Qe2 b5 13.a3 Bb7 14.Rad1 Rfe8 15.Bc1 Bf8
16.g4 g6 17.Rfe1 Rad8 18.Nd3 Nd4 19.Qd2 Nxg4 20.Nf4 Nc6 21.Qe2 Nf6 22.h4 b4
23.axb4 Nxb4 24.h5 e5 25.Nfd5 Nbxd5 26.Nxd5 Bxd5 27.exd5 Nxh5 28.Be3 Rb8
29.c3 a5 30.Ra1 Be7 31.Bf3 Nf6 32.Qd2 Bd8 33.Ra4 Qd7 34.Rea1 Qf5 35.Bg2 e4
36.c4 Ng4 37.b4 Ne5 38.bxa5 Nf3+ 39.Bxf3 exf3 40.Qe1 Qh3 41.Qf1 Qg4+ 42.Kh2 Re5  0-1

[Event "24th Staufer-Open"]
[Site "Schwaebisch Gmuend GER"]
[Date "2012.01.05"]
[Round "7"]
[White "Stahnecker,L"]
[Black "Weiss,And"]
[Result "1-0"]
[WhiteElo "2084"]
[BlackElo "2199"]

1.e4 c5 2.Nf3 e6 3.d4 cxd4 4.Nxd4 a6 5.Nc3 Qc7 6.Be2 Nc6 7.Be3 Nf6 8.O-O b5
9.f4 b4 10.Na4 Nxe4 11.Bf3 f5 12.Bxe4 fxe4 13.f5 exf5 14.Nxf5 Ne5 15.Nxg7+ Bxg7
16.Qh5+ Ng6 17.Qd5 Ne5 18.Qxa8 Qb7 19.Qxb7 Bxb7 20.Rad1 Bc6 21.Nb6 Rf8 22.Rxf8+ Bxf8
23.h3 a5 24.b3 Bg7 25.Nd5 Bb7 26.Bb6 Nc6 27.Kf2 Ne7 28.Nxe7 Kxe7 29.Bxa5 d5
30.Bxb4+ Ke6 31.Bc5 Bf6 32.Bd4 Be7 33.c3 Ba6 34.a4 Bd3 35.Rxd3 exd3 36.a5 Bg5
37.a6  1-0

[Event "24th Staufer-Open"]
[Site "Schwaebisch Gmuend GER"]
[Date "2012.01.06"]
[Round "9"]
[White "Rosenberger,F"]
[Black "Wagner,De"]
[Result "1/2-1/2"]
[WhiteElo "2165"]
[BlackElo "2355"]

1.e4 c5 2.Nf3 e6 3.Nc3 a6 4.d4 cxd4 5.Nxd4 Qc7 6.Bd3 Nf6 7.O-O d6 8.Be3 Nbd7
9.a4 b6 10.Qe2 Bb7 11.Rae1 g6 12.Kh1 Nc5 13.f3 Bg7 14.Bg1 h5 15.g3 O-O 16.Nb3 Ncd7
17.Bd4 e5 18.Be3 d5 19.exd5 Nxd5 20.Nxd5 Bxd5 21.c4 Bc6 22.c5 bxc5 23.Nxc5 Nxc5
24.Bxc5 Rfe8 25.b4 Bxa4 26.Bxg6 fxg6 27.Qa2+ Kh7 28.Qxa4 a5 29.Qd1 a4 30.Rf2 a3
31.Qb3 e4 32.fxe4 Qc6 33.Qc4 a2 34.Rxa2 Rxa2 35.Qxa2 Rxe4 36.Rxe4 Qxe4+ 37.Qg2  1/2-1/2

[Event "TCh-NED Meesterklasse 2011-12"]
[Site "Netherlands NED"]
[Date "2012.01.07"]
[Round "5.5"]
[White "Van Kampen,R"]
[Black "Martens,M"]
[Result "1-0"]
[WhiteElo "2529"]
[BlackElo "2444"]

1.e4 c5 2.Nf3 e6 3.d4 cxd4 4.Nxd4 a6 5.Nc3 Qc7 6.Bd3 Nf6 7.O-O Be7 8.Kh1 b5
9.f4 d6 10.e5 Nfd7 11.exd6 Qxd6 12.Qf3 Ra7 13.Be3 Rb7 14.Rad1 b4 15.Ne4 Qc7
16.f5 Ne5 17.Qg3 Nxd3 18.Qxg7 Qe5 19.f6 Rf8 20.cxd3 Bd6 21.Nf3 Qd5 22.Nxd6+ Qxd6
23.Rc1 Rc7 24.Rxc7 Qxc7 25.Rc1 Qb7 26.Bh6 Nd7 27.Ne5  1-0

[Event "TCh-NED Meesterklasse 2011-12"]
[Site "Netherlands NED"]
[Date "2012.01.07"]
[Round "5.3"]
[White "Berelowitsch,A"]
[Black "Lemmers,O"]
[Result "1-0"]
[WhiteElo "2563"]
[BlackElo "2382"]

1.e4 c5 2.Nf3 e6 3.Nc3 a6 4.d4 cxd4 5.Nxd4 b5 6.Bd3 Bc5 7.Nb3 Be7 8.O-O d6
9.f4 Nd7 10.Qf3 Bb7 11.a3 Ngf6 12.Kh1 Qc7 13.Bd2 O-O 14.Qh3 Rfe8 15.Rae1 g6
16.Nd4 Bf8 17.Nf3 e5 18.fxe5 dxe5 19.Ng5 h6 20.Nxf7 Kxf7 21.Nd5 Qd6 22.Bb4 Qc6
23.Qxd7+ Qxd7 24.Nxf6 Qe6 25.Nxe8+ Kxe8 26.Rxf8+ Kd7 27.Rf3 Rd8 28.Ref1 Kc8
29.Rf6 Qg4 30.h3 Qg3 31.R1f3 Qh4 32.Kh2 g5 33.Rg6 Bxe4 34.g3 Bxd3 35.Rc6+ Kb7
36.gxh4 Be4 37.Rcf6  1-0

[Event "ch-AUS 2011-12"]
[Site "North Geelong AUS"]
[Date "2012.01.08"]
[Round "11.6"]
[White "Stojic,D"]
[Black "Ikeda,J"]
[Result "0-1"]
[WhiteElo "2287"]
[BlackElo "2349"]

1.e4 c5 2.Nf3 e6 3.d4 cxd4 4.Nxd4 a6 5.Nc3 Qc7 6.Bd3 Nf6 7.O-O Nc6 8.Nxc6 dxc6
9.f4 e5 10.f5 Bc5+ 11.Kh1 b5 12.Qe2 Bb7 13.a4 O-O 14.Bg5 Be7 15.Rf3 Rfd8
16.Rh3 h6 17.Be3 c5 18.axb5 axb5 19.Rxa8 Rxa8 20.Nxb5 Ra1+ 21.Bg1 Qa5 22.Rf3 Re1
23.b4 Qa1 24.Rf1 Rxf1 25.Qxf1 Qxf1 26.Bxf1 cxb4 27.Bd3 Nxe4 28.Bc4 Bc8 29.Nc7 Bxf5
30.Nd5 Bd6 31.Bd3 Bh7 32.Bb6 Nf6 33.Bxh7+ Kxh7 34.Ne3 e4 35.g4 Bf4 36.h3 Bxe3
37.Bxe3 Nd5 38.Bd2 g6 39.Kg2 f5 40.gxf5 gxf5 41.Kg3 Kg6 42.Bc1 Kh5 43.Bd2 f4+  0-1

[Event "37th Seville Open"]
[Site "Seville ESP"]
[Date "2012.01.09"]
[Round "3"]
[White "Sengupta,D"]
[Black "Kovacevic,Sl"]
[Result "1-0"]
[WhiteElo "2562"]
[BlackElo "2321"]

1.e4 c5 2.Nf3 e6 3.d4 cxd4 4.Nxd4 a6 5.Nc3 Qc7 6.Be3 b5 7.Qd2 Bb7 8.f3 Nf6
9.O-O-O d5 10.e5 Nfd7 11.f4 Nc6 12.Nxc6 Bxc6 13.Qf2 g6 14.Kb1 Rb8 15.Ne2 Nb6
16.h4 h5 17.Rh3 Be7 18.Bd4 b4 19.Nc1 a5 20.Qg1 Bd7 21.Bd3 Na4 22.Nb3 Bb5
23.Rc1 Bc4 24.g4 hxg4 25.Qxg4 Kd7 26.h5 gxh5 27.Rxh5 Nc3+ 28.bxc3 Rhg8 29.Qh3 bxc3
30.f5 a4 31.fxe6+ fxe6 32.Rh7 Rge8 33.Bg6 axb3 34.cxb3 Bxb3 35.Bxe8+ Kxe8
36.Qxe6 Bc2+ 37.Kxc2 Rb2+ 38.Kd1 Rd2+ 39.Ke1  1-0

[Event "20th Fajr Open"]
[Site "Tabriz IRI"]
[Date "2012.01.12"]
[Round "1.1"]
[White "Feyz Javadian,Sayed Jafar"]
[Black "Pantsulaia,L"]
[Result "0-1"]
[WhiteElo "1720"]
[BlackElo "2592"]

1.e4 c5 2.Nf3 e6 3.d4 cxd4 4.Nxd4 a6 5.Nc3 b5 6.a3 Bb7 7.Be3 Qc7 8.Qd2 Nf6
9.f3 d5 10.Bf4 Qb6 11.e5 Nfd7 12.Nb3 Qc7 13.O-O-O Nxe5 14.Qd4 Nbc6 15.Bxb5 axb5
16.Nxb5 Qd8 17.Qc3 Bd6 18.Rhe1 Nd3+ 19.Rxd3 Bxf4+ 20.Kb1 O-O 21.g3 Bg5 22.f4 Bf6
23.Qd2 Qb6 24.Nc3 Ba6 25.Rf3 Nd4 26.Rfe3 Nxb3 27.cxb3 d4 28.Ne4 dxe3 29.Nxf6+ gxf6
30.Qc3 Kg7 31.Rxe3 Rac8 32.Qe1 Rfd8 33.g4 Qxe3 34.Qxe3 Rd1+ 35.Ka2 Rcc1 36.b4 Bc4+  0-1

[Event "Andranik Margaryan Memorial 2012"]
[Site "Yerevan ARM"]
[Date "2012.01.12"]
[Round "7"]
[White "Baghdasaryan,V"]
[Black "Vardanyan,H"]
[Result "0-1"]
[WhiteElo "2393"]
[BlackElo "1948"]

1.e4 c5 2.Nf3 e6 3.d4 cxd4 4.Nxd4 a6 5.Nc3 Qc7 6.Be2 Nf6 7.O-O Nc6 8.Be3 Be7
9.f4 d6 10.Bf3 Bd7 11.Kh1 Rc8 12.g4 Nxd4 13.Bxd4 e5 14.Be3 exf4 15.Bxf4 h6
16.Rg1 Bc6 17.Nd5 Bxd5 18.exd5 Nd7 19.Be4 Ne5 20.Bxe5 dxe5 21.Qf3 Qd6 22.Qf5 Rc7
23.Rge1 g6 24.Qf2 h5 25.gxh5 Rxh5 26.Rg1 f5 27.Bf3 Rh4 28.c3 Rcc4 29.Rae1 Rcf4
30.Qg3 Rh6 31.c4 Rfh4 32.Rg2 e4 33.Kg1 Qxg3 34.Rxg3 Rxh2 35.Bg2 R2h4 36.Re2 Bc5+
37.Kf1 Rf4+ 38.Ke1 b6 39.a3 a5  0-1

[Event "37th Seville Open"]
[Site "Seville ESP"]
[Date "2012.01.13"]
[Round "7"]
[White "Fernandez Romero,Ern"]
[Black "Kovacevic,Sl"]
[Result "1-0"]
[WhiteElo "2471"]
[BlackElo "2321"]

1.e4 c5 2.Nf3 e6 3.d4 cxd4 4.Nxd4 a6 5.Nc3 Qc7 6.Qf3 Nf6 7.Qg3 Qb6 8.Nb3 d6
9.Bd3 Nbd7 10.O-O Qc7 11.a4 b6 12.Nd4 Bb7 13.Rd1 Nh5 14.Qh3 Nhf6 15.a5 bxa5
16.Qg3 Nc5 17.f3 Nh5 18.Qh4 Nf6 19.Qg3 Nh5 20.Qf2 Be7 21.Be3 O-O 22.Nb3 Nxb3
23.cxb3 Bc6 24.Bb6 Qb7 25.Rxa5 Rfb8 26.Be3 Nf6 27.Bc2 d5 28.e5 Nd7 29.f4 Bd8
30.Ra3 Bb6 31.Ne2 Bxe3 32.Qxe3 Qb6 33.Nd4 g6 34.h4 Rc8 35.h5 Nc5 36.hxg6 hxg6
37.b4 Ne4 38.f5 Qxb4 39.Bxe4 dxe4 40.fxg6 fxg6 41.Qh6 Be8 42.Rh3  1-0

[Event "72nd ch-ARM"]
[Site "Yerevan ARM"]
[Date "2012.01.13"]
[Round "3"]
[White "Hovhannisyan,R"]
[Black "Simonian,H"]
[Result "1/2-1/2"]
[WhiteElo "2589"]
[BlackElo "2470"]

1.e4 c5 2.Nf3 e6 3.d4 cxd4 4.Nxd4 a6 5.Nc3 Qc7 6.Bd3 Nf6 7.Qe2 Bc5 8.Nb3 Bb4
9.O-O Nc6 10.f4 d6 11.Bd2 Bxc3 12.Bxc3 e5 13.Nd2 b5 14.Nf3 Bg4 15.a3 exf4
16.Bxf6 gxf6 17.Qd2 Qa7+ 18.Kh1 Qe3 19.Bxb5 axb5 20.Qxd6 Rc8 21.Rae1 Qa7
22.e5 f5 23.e6 Bxf3 24.Rxf3 Qd4 25.exf7+ Kxf7 26.Qe6+ Kg7 27.Qxf5 Rhf8 28.Qxb5 Rce8
29.Ref1 Ne5 30.Rh3 Qc4 31.Qxc4 Nxc4 32.Rh4 Re2 33.h3 Nxb2 34.Rg4+ Kh8 35.Rgxf4 Rxf4
36.Rxf4 Rxc2 37.a4 Nd3 38.Rd4 Ne5 39.Rd5 Ng6 40.Rd4 Ra2 41.Kh2 Ra3 42.Rd8+ Kg7
43.Rd7+ Kh6 44.Ra7 Nf4 45.Ra6+ Kg5 46.Ra7 Kg6 47.Ra6+ Kf5 48.Rh6 Ra2 49.Rxh7 Rxg2+
50.Kh1 Ke4 51.Rb7 Rd2 52.a5 Kf3 53.a6 Nd3 54.Rf7+ Kg3 55.Rg7+ Kxh3 56.Rh7+ Kg3
57.Rg7+ Kf4 58.a7 Rd1+ 59.Kh2 Ra1 60.Rb7 Ra2+ 61.Kh1 Ra5 62.Rf7+ Kg3 63.Rg7+ Kf2
64.Rh7 Ra6 65.Kh2 Ra2 66.Rf7+  1/2-1/2

[Event "Andranik Margaryan Memorial 2012"]
[Site "Yerevan ARM"]
[Date "2012.01.13"]
[Round "8"]
[White "Nadanian,A"]
[Black "Hayrapetian,O"]
[Result "1/2-1/2"]
[WhiteElo "2432"]
[BlackElo "2406"]

1.e4 c5 2.Nf3 e6 3.d4 cxd4 4.Nxd4 a6 5.Nc3 Qc7 6.Bd3 Nc6 7.Nxc6 dxc6 8.O-O e5
9.f4 Nf6 10.Qf3 Bc5+ 11.Kh1 h5 12.f5 b5 13.a4 Bb7 14.Bg5 O-O-O 15.Bh4 Rd7
16.h3 Kb8 17.Nb1 Bb6 18.Nd2 c5 19.axb5 axb5 20.b3 Ba5 21.Qg3 Bxd2 22.Qxg7 Rg8
23.Qxf6 Bc3 24.Ra6 c4 25.bxc4 bxc4 26.Be2 Rd2 27.Rb1 Rxe2 28.Rab6 Rexg2 29.Bf2 Bd4
30.Rxb7+ Qxb7 31.Qd6+ Kc8 32.Rxb7 Kxb7 33.Qb4+ Ka8 34.Qa5+ Kb8 35.Qb5+ Ka8
36.Qc6+ Ka7 37.Qd7+ Kb8 38.Qd6+ Kb7 39.Qd5+ Kb8 40.Qb5+ Ka8 41.Qa4+ Kb8 42.Qb4+ Ka8
43.Qa3+ Kb8 44.Qd6+ Kb7 45.Qd5+ Kb8 46.Bxd4 exd4 47.Qe5+ Ka8 48.Qxd4 R2g3
49.Qa1+ Kb7 50.Qf1 h4 51.Kh2 Rc3 52.Qd1 Rgg3 53.Qd7+ Kb6 54.Qd8+ Kb5 55.Qc7 Kb4
56.Qe7+ Kb5 57.Qe5+ Kb4 58.Qd6+ Kb5 59.Qd7+ Kb4 60.Qe7+  1/2-1/2

[Event "56th ch-BLR w 2012"]
[Site "Minsk BLR"]
[Date "2012.01.14"]
[Round "5.3"]
[White "Tereshkova,Marina"]
[Black "Sharevich,A"]
[Result "1/2-1/2"]
[WhiteElo "1903"]
[BlackElo "2267"]

1.e4 c5 2.Nf3 e6 3.d4 cxd4 4.Nxd4 a6 5.Nc3 Qc7 6.Bd3 Nc6 7.Nxc6 dxc6 8.O-O e5
9.f4 Bc5+ 10.Kh1 Nf6 11.f5 h5 12.Qf3 Ng4 13.Bg5 b5 14.a4 Bb7 15.h3 Be7 16.Bd2 b4
17.Nd1 Nf6 18.Ne3 Rd8 19.Nc4 h4 20.c3 Nh5 21.Rfe1 b3 22.a5 Ng3+ 23.Kh2 f6
24.Bf1 c5 25.Bd3 Nxf5 26.Qxf5 Rxd3 27.Qg6+ Kf8 28.Re3 Rh6 29.Qg4 Bc8 30.Qf3 Rd8
31.Rd3 Rh8 32.Rxd8+ Bxd8 33.Ne3 Be6 34.c4 Be7 35.Ra3 Qd7 36.Nd5 Bxd5 37.exd5 Bd6
38.Kg1 f5 39.Rxb3 e4 40.Qe2 Qe7 41.Rb6 Qe5 42.Kf1 Kf7 43.Rxa6 Rb8 44.Ra7+ Kg8
45.Bc3 Qf4+ 46.Qf2 Qc1+ 47.Qe1 Qf4+ 48.Qf2 Qc1+ 49.Qe1  1/2-1/2

[Event "TCh-SVK Extraliga 2011-12"]
[Site "Slovakia SVK"]
[Date "2012.01.14"]
[Round "5"]
[White "Zagrapan,P"]
[Black "Lakatos,V"]
[Result "1/2-1/2"]
[WhiteElo "2139"]
[BlackElo "2176"]

1.e4 c5 2.Nf3 e6 3.d4 cxd4 4.Nxd4 a6 5.Nc3 Qc7 6.g3 Nc6 7.Bg2 Nf6 8.Be3 Bb4
9.O-O O-O 10.h3 Qa5 11.Nce2 Nxd4 12.Bxd4 Be7 13.c4 e5 14.Bc3 Qc7 15.Qd3 b6
16.b3 Bb7 17.Bb2 Bc6 18.Nc3 Rfd8 19.Rfd1 d6 20.Rac1 Qb7 21.Nd5 Nxd5 22.cxd5 Bb5
23.Qe3 Rdc8 24.a4 Bd7 25.Rd3 Rxc1+ 26.Qxc1 Rc8 27.Rc3 Rxc3 28.Qxc3 Qc8 29.Qxc8+ Bxc8
30.Bf1 Kf8 31.f3  1/2-1/2

[Event "Andranik Margaryan Memorial 2012"]
[Site "Yerevan ARM"]
[Date "2012.01.14"]
[Round "9"]
[White "Petrosian,DG"]
[Black "Vardanyan,H"]
[Result "1-0"]
[WhiteElo "2476"]
[BlackElo "1948"]

1.e4 c5 2.Nf3 e6 3.Nc3 a6 4.d4 cxd4 5.Nxd4 Qc7 6.Qd3 Nc6 7.Nxc6 bxc6 8.Qg3 Qxg3
9.hxg3 d5 10.Bd2 Nf6 11.Bd3 Bc5 12.Ke2 e5 13.f3 Bd4 14.Bg5 Be6 15.Na4 dxe4
16.fxe4 Nd7 17.c3 Ba7 18.Be3 Ke7 19.Bxa7 Rxa7 20.Ke3 a5 21.Be2 h6 22.Rhd1 Rb8
23.Rd2 Rc7 24.b3 c5 25.c4 Nb6 26.Nc3 Rd7 27.Rc2 Nc8 28.Na4 Rc7 29.Rd1 Na7
30.Rcd2 f6 31.Rd6 Nc6 32.Rxe6+ Kxe6 33.Nxc5+ Ke7 34.Na6 Rcb7 35.Nxb8 Rxb8
36.Rd5 Ra8 37.Rb5 Ra7 38.Bd3 Nd4 39.Rb6 h5 40.a3 Kd7 41.c5 Kc7 42.Bc4 Rb7
43.Rxb7+ Kxb7 44.Kd3 Kc6 45.b4 axb4 46.axb4 g6 47.Kc3 f5 48.Bd3 Nb5+ 49.Bxb5+ Kxb5
50.Kd3 Kc6 51.Kc4 Kc7 52.Kd5 f4 53.Kxe5 fxg3 54.Kf4 h4 55.b5  1-0

[Event "TCh-CZE Liga 1 Zapad"]
[Site "Czech Rep CZE"]
[Date "2012.01.15"]
[Round "6.8"]
[White "Boleslav,P"]
[Black "Rut,Vojtech"]
[Result "0-1"]
[WhiteElo "2119"]
[BlackElo "1998"]

1.e4 c5 2.Nf3 e6 3.Nc3 a6 4.d4 cxd4 5.Nxd4 Qc7 6.Bd3 Nf6 7.O-O d6 8.Be3 Nbd7
9.a4 b6 10.Qe2 Bb7 11.Nb3 Be7 12.f3 Ne5 13.Nd2 h5 14.Nc4 Nfd7 15.Nxe5 Nxe5
16.Bd4 Rg8 17.Qf2 Nd7 18.f4 h4 19.h3 Nc5 20.Qe2 g5 21.f5 g4 22.hxg4 Bg5 23.e5 h3
24.Ne4 dxe5 25.fxe6 Nxe6 26.Be3 hxg2 27.Bxg5 gxf1=Q+ 28.Rxf1 Rxg5 29.Nxg5 Nxg5
30.Rf5 Ne6 31.Rxe5 O-O-O 32.Bxa6 Bxa6 33.Qxa6+ Kb8 34.Qe2 Nf4 35.Qe4 Rd1+
36.Kf2 Rd2+ 37.Kf3 Ne6 38.a5 Nd4+  0-1